000 00219nam a22000857a 4500
008 170209b xxu||||| |||| 00| 0 eng d
100 _92844
_aCBSE
245 _aAssessment of P.S. in Science-X
260 _aNew Delhi
_bCBSE
_c2008
999 _c6062
_d6062